Best NBA Player On Each Team 2020-21 - Statistics

General Stats
  • This quiz has been taken 488 times
  • The average score is 21 of 30
Answer Stats
Team Overall Rank Player % Correct
Brooklyn Nets 6 Kevin Durant
97%
Atlanta Hawks 29 Trae Young
97%
Boston Celtics 17 Jayson Tatum
96%
Dallas Mavericks 9 Luka Doncic
91%
Denver Nuggets 8 Nikola Jokic
91%
Golden State Warriors 5 Stephen Curry
90%
Los Angeles Lakers 1 LeBron James
89%
Chicago Bulls 75 Zach LaVine
86%
Milwaukee Bucks 2 Giannis Antetokounmpo
85%
Los Angeles Clippers 3 Kawhi Leonard
84%
Houston Rockets 4 James Harden
80%
Memphis Grizzlies 41 Ja Morant
80%
Miami Heat 11 Jimmy Butler
80%
New Orleans Pelicans 32 Zion Williamson
78%
Minnesota Timberwolves 18 Karl-Anthony Towns
76%
Philadelphia 76ers 10 Joel Embiid
73%
Portland Trail Blazers 12 Damian Lillard
69%
Phoenix Suns 14 Chris Paul
68%
Cleveland Cavaliers 47 Kevin Love
64%
Sacramento Kings 37 De'Aaron Fox
57%
Charlotte Hornets 53 Gordon Hayward
56%
Washington Wizards 15 Bradley Beal
55%
Oklahoma City Thunder 63 Shai Gilgeous-Alexander
54%
Indiana Pacers 42 Victor Oladipo
53%
Detroit Pistons 45 Blake Griffin
52%
Toronto Raptors 28 Kyle Lowry
49%
Utah Jazz 16 Rudy Gobert
49%
Orlando Magic 43 Nikola Vucevic
45%
San Antonio Spurs 33 LaMarcus Aldridge
35%
New York Knicks >100 Mitchell Robinson
26%
No matching quizzes found
Score Distribution
Percent of People with Each Score
Percentile by Number Answered
Your Score History
You have not taken this quiz